| 000 | 00414nam a2200157 4500 | ||
|---|---|---|---|
| 008 | 01961 1979 0 000 0Esp | ||
| 020 | _a84-03-2016-X | ||
| 050 | _aQC254 Z452 | ||
| 082 | _a536.7 Z352c | ||
| 100 | _aZemansky, Mark W | ||
| 245 | _aCalor y Termodinamica / Mark W, Zemansky | ||
| 250 | _a4 | ||
| 260 | _aEspaƱa : Aguilar | ||
| 300 | _a668 p. / 22cm. | ||
| 650 | _a1. TERMODINAMICA 2. CALOR | ||
| 999 |
_c21364 _d21364 |
||